000
00262nam a2200097Ia 4500
001
1206467
005
20251010123152.0
008
250824s9999 xx 000 0 und d
245
0
_a
KÖR KALBE AŞK DOKUNMAZ
_c
AYŞE ÜNÜVAR
260
_b
KARATAY AKADEMİ YAYINLARI
999
_c
1206467
_d
1206467